Online katalóg knižníc regiónu Turca

Medovníkova chalúpka (Record no. 21310)

MARC details
000 -LEADER
fixed length control field 01260nam a2200361 a 4500
001 - CONTROL NUMBER
control field 21310
003 - CONTROL NUMBER IDENTIFIER
control field VRT
005 - DATE AND TIME OF LATEST TRANSACTION
control field 20260226122620.0
008 - FIXED-LENGTH DATA ELEMENTS--GENERAL INFORMATION
fixed length control field 240313s2005 xr a a 000 j slo
015 ## - NATIONAL BIBLIOGRAPHY NUMBER
National bibliography number SNBZSA2017/09
020 ## - INTERNATIONAL STANDARD BOOK NUMBER
International Standard Book Number 807360342X
Qualifying information (leporelo)
039 #9 - LEVEL OF BIBLIOGRAPHIC CONTROL AND CODING DETAIL [OBSOLETE]
Level of rules in bibliographic description 202403131637
Level of effort used to assign nonsubject heading access points VLOAD
Level of effort used to assign subject headings 202010151913
Level of effort used to assign classification AUTHORITY
Level of effort used to assign subject headings 202010151913
Level of effort used to assign classification AUTHORITY
Level of effort used to assign subject headings 202009011823
Level of effort used to assign classification AUTHORITY
040 ## - CATALOGING SOURCE
Original cataloging agency TTKJF
Language of cataloging slo
Transcribing agency TTKJF
Modifying agency SNK
Description conventions AACR2
041 1# - LANGUAGE CODE
Language code of text/sound track or separate title slo
Language code of original und
044 ## - COUNTRY OF PUBLISHING/PRODUCING ENTITY CODE
MARC country code xr
ISO country code CZ
072 #7 - SUBJECT CATEGORY CODE
Subject category code 821-93
Subject category code subdivision Literatúra pre deti a mládež
Source konspekt
080 ## - UNIVERSAL DECIMAL CLASSIFICATION NUMBER
Universal Decimal Classification number (0.025.2)
Edition identifier 2011
080 ## - UNIVERSAL DECIMAL CLASSIFICATION NUMBER
Universal Decimal Classification number 82-93-053.2
Edition identifier 2011
100 1# - MAIN ENTRY--PERSONAL NAME
Personal name Pavlovič, Jozef,
Dates associated with a name 1934-2020
Relationship aut
245 10 - TITLE STATEMENT
Title Medovníkova chalúpka
Medium grafika
Statement of responsibility, etc. [text Jozef Pavlovič ; ilustrácie Liliane Crismer]
260 ## - PUBLICATION, DISTRIBUTION, ETC.
Place of publication, distribution, etc. [Praha]
Name of publisher, distributor, etc. Ottovo nakladatelství
Date of publication, distribution, etc. 2005
300 ## - PHYSICAL DESCRIPTION
Extent [10] s.
Other physical details fareb. ilustr.
Dimensions 20 cm
655 #7 - INDEX TERM--GENRE/FORM
Genre/form data or focus term leporelá
Source of term SNKPH
655 #7 - INDEX TERM--GENRE/FORM
Genre/form data or focus term Picture books for children
Source of term SNKPHeng
655 #7 - INDEX TERM--GENRE/FORM
Genre/form data or focus term publikácie pre deti
Source of term SNKPH
655 #7 - INDEX TERM--GENRE/FORM
Genre/form data or focus term Children's literature
Source of term SNKPHeng
700 1# - ADDED ENTRY--PERSONAL NAME
Personal name Crismer, Liliane
Relationship ill
700 1# - ADDED ENTRY--PERSONAL NAME
Personal name Pavlovič, Jozef,
Dates associated with a name 1934-2020
Relationship aut
910 ## - USER-OPTION DATA (OCLC)
User-option data ttkjf
910 ## - USER-OPTION DATA (OCLC)
User-option data snk
942 ## - ADDED ENTRY ELEMENTS (KOHA)
Source of classification or shelving scheme Dewey Decimal Classification
Koha item type Krásna literatúra pre deti
Suppress in OPAC No
949 ## - LOCAL PROCESSING INFORMATION (OCLC)
6 17A1270213
a snkSD 86469
b snk2017/17946
o Pemic20-ah/20Int. č. fa – 27/2017
Holdings
Stav vyradenia Strata Poškodenie Spôsob nadobudnutia Domovská knižnica Aktuálna knižnica Dátum nadobudnutia Total checkouts Čiarový kód exemplára Date last seen Typ exemplára
      Dar Obecná knižnica Turčianska Štiavnička Obecná knižnica Turčianska Štiavnička 26.02.2026   4738000088 26.02.2026 Krásna literatúra pre deti
Projekt je podporený Slovenskou asociáciou knižníc
Prevádzkuje Turčianska knižnica Martin 2026